01089nam a2200205 a 45000010005000000030009000050080041000140400028000550820016000831000026000992450120001252600051002453000016002965050319003126500028006316500045006599420012007049990017007169520150007332110CO-ViMGA141112s2004 ck r 000 u spa d aCO-ViMGAbspacCO-ViMGA04a618.19 B5151 aBland, Kirby I95087110aLa Mamá : bmanejo multidisciplinario de las enfermedades beningnas y malignas / cBland Kirby , Copeland Edward  aBuenos Aires : bMedica PanAméricana, c1993 a1360 p : il aAnatomía y fisiología de la mama normal y durante la lactancia 47 - - Mecanismos de oncogenesis y metástasis mamarias 453 - - Cirugía para las enfermedades benignas y malignas de las mamas 651 - - Tratamiento de la enfermedad sistemica 1059 - - Problemas clínicos especiales en el cáncer de mama 1233 14aCopeland, Edward95087214aGLANDULAS MAMARIAS - ENFERMEDADES950873 2ddccBK c14253d14253 00102ddc40708002aMEVIECARbMEVIECARd2015-12-04hVolumen. 1 | 11/jun/2009l0o618.19 B515 p2110r2015-12-04 00:00:00tEj. 1w2015-12-04yBK